000 00958nam a2200349Ia 4500
005 20260514124347.0
008 008 261405s9999 xx 000 0 eng d
037 _aThesis
040 _aCRL
040 _beng
040 _cCRL
041 _2eng
041 _aeng
084 _qCRL
100 _aSharma Dr.Prateeksha
_91239567
245 0 _aEffect of Pretreatment Metabolic Risk Factors on Respose of Intravitreal Triamcinolone Acetonide Followed by Macular Laser Treatment in Diabetic Macular Edema.
260 _aDelhi
260 _bUniversity of Delhi
260 _c2016
300 _a77p.
502 _bPh.D.
502 _cUniversity of Delhi
502 _d2016
541 _oThesis
650 _aOphthalmology
700 _aDr.B.Ghosh
_91239544
700 _aDr.Meenakshi Thakur,
_91239568
700 _aDr.Usha Kaul Raina
_91239569
710 _aOphthalmology
_91239537
942 _cTH
999 _c1851733
_d1851733